Effect of organizational leadership on academic performance of secondary schools in Kenya: (Record no. 16238)

MARC details
000 -LEADER
fixed length control field 00630nam a22001697a 4500
008 - FIXED-LENGTH DATA ELEMENTS--GENERAL INFORMATION
fixed length control field 161124b xxu||||| |||| 00| 0 eng d
040 ## - CATALOGING SOURCE
Original cataloging agency KABU
Transcribing agency KABU
050 ## - LIBRARY OF CONGRESS CALL NUMBER
Classification number LB2970
Item number .K46K57
100 ## - MAIN ENTRY--PERSONAL NAME
Personal name Kiptoo, Patrick K.
245 ## - TITLE STATEMENT
Title Effect of organizational leadership on academic performance of secondary schools in Kenya:
Remainder of title a case of Baringo central sub-county /
Statement of responsibility, etc. Patrick Kiptoo K.
250 ## - EDITION STATEMENT
Edition statement 1st ed.
260 ## - PUBLICATION, DISTRIBUTION, ETC. (IMPRINT)
Place of publication, distribution, etc. Nakuru, Kenya:
Name of publisher, distributor, etc. Kabarak university,
Date of publication, distribution, etc. 2013.
300 ## - PHYSICAL DESCRIPTION
Extent xii, 76 p.
Accompanying material CD-ROM
700 ## - ADDED ENTRY--PERSONAL NAME
Personal name Chepkilot, Ronald K.
700 ## - ADDED ENTRY--PERSONAL NAME
Personal name Njanja, Lily W.
942 ## - ADDED ENTRY ELEMENTS (KOHA)
Source of classification or shelving scheme Library of Congress Classification
Koha item type Thesis, Dissertation and Projecs
Edition 1st ed.
Classification part LB2970 .K46K57
Call number prefix KTC/The
Holdings
Withdrawn status Lost status Source of classification or shelving scheme Not for loan Home library Current library Date acquired Total Checkouts Full call number Barcode Date last seen Date last checked out Copy number Price effective from Koha item type
    Library of Congress Classification   Kabarak, Nakuru City Campus Kabarak, Nakuru City Campus 24/11/2016 1 LB2970 .K46K57 c. 1 016457 22/06/2019 21/06/2019 c. 1 24/11/2016 Thesis, Dissertation and Projecs
Designed with assistance from East African Informatics Ltd